00718nam a2200217Ia 4500003000400000005001700004008004100021020001800062040000700080041000800087082001700095100002700112245006100139260004000200300001600240365001300256906006600269942001200335999001900347952013400366OSt20230317112921.0210423s2010 xx 000 0 und d a9788173715990 cAL aeng a540.028 ELIA aELIAS (Anil J).942012 aCollection of interesting general chemistry experiments. aHyderabadbUniversities Pressc2010 axiv,144bPB b175cINR achemistry ; Collection ; experiments. ; general ; interesting 2ddccBK c154685d154685 001040708ACaSACPGbSACPGd2011-08-09eKnowledge Worldg175.00l0o540.028 ELIApPG001153r2022-08-24 00:00:00w2021-04-26yBK